MARC

LEADER 00000nam0a2200000 4500
001 294287
005 20231102000700.0
020 |a RU  |b 84-22414 
035 |a (RuTPU)RU\TPU\book\319342 
090 |a 294287 
100 |a 20150512d1984 k y0rusy5003 ca 
101 0 |a rus 
102 |a RU 
105 |a y z 101zy 
200 1 |a Тезисы докладов IV Всесоюзного симпозиума по растровой электронной микроскопии и аналитическим методам исследования твердых тел - "РЭМ-84", апрель 1984 г., г. Звенигород  |f Академия наук СССР (АН СССР), Институт кристаллографии им. А. В. Шубникова (ИК) ; Московский государственный университет им. М. В. Ломоносова (МГУ) ; под ред. Г. В. Спивака 
210 |a Москва  |c Изд-во МГУ  |d 1984 
215 |a 222 с. 
320 |a Библиография в конце докладов 
320 |a Авторский указатель: с. 215-222 
606 |a Электронная микроскопия  |2 stltpush  |3 (RuTPU)RU\TPU\subj\20357  |9 45466 
610 1 |a приборостроение 
610 1 |a исследование 
610 1 |a полупроводники 
610 1 |a Оже-спектроскопия 
610 1 |a рентгеновский микроанализ 
610 1 |a биология 
610 1 |a материаловедение 
610 1 |a доклады 
675 |a 537.533.3(063)  |v 3 
702 1 |a Спивак  |b Г. В.  |4 340 
712 0 2 |a Академия наук СССР (АН СССР)  |b Институт кристаллографии им. А. В. Шубникова (ИК)  |c (Москва)  |2 stltpush  |3 (RuTPU)RU\TPU\col\11554 
712 0 2 |a Московский государственный университет им. М. В. Ломоносова (МГУ)  |2 stltpush  |3 (RuTPU)RU\TPU\col\7 
712 1 2 |a Всесоюзный симпозиум по растровой электронной микроскопии и аналитическим методам исследования твердых тел - "РЭМ-84"  |c тезисы докладов  |d 4  |e Звенигород  |f 1984  |4 570 
801 0 |a RU  |b RuMRKP  |c 19950704  |g psbo 
801 1 |a RU  |b 63413507  |c 20150512 
801 2 |a RU  |b 63413507  |c 20180508  |g RCR 
942 |c BK